INTRODUCTION TO FORENSIC NURSING & INDIAN LAWS (Record no. 33121)

MARC details
000 -LEADER
fixed length control field 00464nam a22001697a 4500
003 - CONTROL NUMBER IDENTIFIER
control field SGT
020 ## - INTERNATIONAL STANDARD BOOK NUMBER
International Standard Book Number 9789393480194
082 ## - DEWEY DECIMAL CLASSIFICATION NUMBER
Classification number 614.1
Item number I26T
100 ## - MAIN ENTRY--PERSONAL NAME
Personal name THAKUR, NIKITA
245 ## - TITLE STATEMENT
Title INTRODUCTION TO FORENSIC NURSING & INDIAN LAWS
250 ## - EDITION STATEMENT
Edition statement 1ST
260 ## - PUBLICATION, DISTRIBUTION, ETC. (IMPRINT)
Place of publication, distribution, etc INDIA
Name of publisher, distributor, etc BIRLA PUB
Year of Publication 2026
300 ## - PAGE DESCRIPTION
No. of Pages 224
650 ## - SUBJECT ADDED ENTRY--TOPICAL TERM
Topical term or geographic name as entry element FORENSIC MEDICINE
653 ## - KEYWORDS--INDEX TERM
Keyword term INTRODUCTION TO FORENSIC NURSING & INDIAN LAWS
-- SGT UNIVERSITY FACULTY PUBLICATION
942 ## - ADDED ENTRY ELEMENTS (KOHA)
Source of classification or shelving scheme Dewey Decimal Classification
Koha item type Books
Holdings
Withdrawn status Lost status Source of classification or shelving scheme Damaged status Not for loan Collection code Home library Current library Shelving location Date acquired Vendor Name Cost, normal purchase price SGTU Total Checkouts Full call number Accession No. (Barcode) Date last seen Bill Date Koha item type
    Dewey Decimal Classification   Not For Loan NURSING SGT Medical Library SGT Medical Library Reference Book 03/11/2025 COPM 290.00 SGTU   614.1 I26T FN6034 03/11/2025 03/11/2025 Books